000 01368nam a2200265Ia 4500
999 _c40656
_d40656
001 7284
003 GE_BSU
005 20231114115520.0
008 181216s2012||||ge |||||||||||||| ||geo||
020 _a9789941924286
040 _cGE_BSU
041 _ageo
080 _a316.32 + 339.924 + 005.44 ს-84
100 _aსტიგლიცი, ჯოზეფ
_945
245 _aგლობალიზაცია და მისი თანმდევი უკმაყოფილება = globalization and its discontents /
_cჯოზეფ სტიგლიცი ; მთარგმნ. ლია ჯამბურია ; რედ. გიორგი აბაშიშვილი.
264 _aთბილისი :
_bსაუნჯე,
_c2012.
300 _a382 გვ. ;
_c 20 სმ.
500 _a შენიშვნები გვ. 365-381
541 _h2 ლ.
546 _aთავფურცელი ქართულ და ინგლისურ ენებზე
653 _aგლობალიზაცია და მისი თანმდევი უკმაყოფილება.
700 _aჯამბურია, ლია
_eმთარგმნელი
_92388
700 _aაბაშიშვილი, გიორგი
_eრედაქტორი
_92389
942 _cBK
_2udc